Collected stories; Vol.1 (1866 - 1891)
Gespeichert in:
| 1. Verfasser: | |
|---|---|
| Format: | Buch |
| Sprache: | Undetermined |
| Veröffentlicht: |
London
Everyman's Library
1999
|
| Schlagworte: | |
| Tags: |
Tag hinzufügen
Keine Tags, Fügen Sie den ersten Tag hinzu!
|
| Thư viện lưu trữ: | Trung tâm Học liệu Trường Đại học Cần Thơ |
|---|
| LEADER | 00527nam a2200181Ia 4500 | ||
|---|---|---|---|
| 001 | CTU_35989 | ||
| 008 | 210402s9999 xx 000 0 und d | ||
| 082 | |a 813.4 | ||
| 082 | |b J27c/Vol.1 | ||
| 100 | |a Henry James | ||
| 245 | 0 | |a Collected stories; Vol.1 (1866 - 1891) | |
| 245 | 0 | |c Henry James | |
| 260 | |a London | ||
| 260 | |b Everyman's Library | ||
| 260 | |c 1999 | ||
| 650 | |a american literature - 19th century,short stories, american | ||
| 904 | |i Minh, 000405 | ||
| 980 | |a Trung tâm Học liệu Trường Đại học Cần Thơ | ||